Introducción hermenéutica al Antiguo Testamento

I tiakina i:
Ngā taipitopito rārangi puna kōrero
Kaituhi matua: Andiñach, Pablo R. (autor)
Hōputu: Pukapuka
Reo:Pāniora
I whakaputaina: Pamplona, España Verbo Divino 2012
Putanga:1a. ed
Ngā marau:
Ngā Tūtohu: Tāpirihia he Tūtohu
Kāore He Tūtohu, Me noho koe te mea tuatahi ki te tūtohu i tēnei pūkete!

MARC

LEADER 00000cam a2200000 a 4500
001 UCC8834
003 CL-VaPUC
005 20230104115214.0
008 190823e20120000sp |||||||||||||||||spa|d
020 |a 9788499452920 
040 |c Pontificia Universidad Católica de Valparaíso 
082 0 4 |a 220.63 AND 2012  |2 21 
100 |a Andiñach, Pablo R.  |e autor  |9 603563 
245 1 0 |a Introducción hermenéutica al Antiguo Testamento 
250 |a 1a. ed 
260 |a Pamplona, España   |b Verbo Divino  |c 2012 
300 |a 587 páginas  
583 |a last modification  |c 20190823 13:21:00  |k Rodrigo Vera 
650 0 |a Hermenéutica bíblica   |2 CL-VaPUC  |9 545472 
650 0 |a Nuevo testamento  |9 257604 
942 |c BK  |2 ddc 
945 |d 20190823 13:21:00  |a dcastane 
999 |c 375083  |d 375081 
952 |0 0  |1 0  |3 erb  |4 0  |6 220_630000000000000_AND_2012  |7 0  |8 A  |9 493972  |a BIBTEO  |b BIBTEO  |d 2019-08-13  |e 8  |g 29400.00  |i 5559650  |l 2  |o 220.63 AND 2012  |p 5559650  |r 2025-01-17  |s 2024-12-06  |v 29400.00  |w 2019-11-24  |y BK  |z Catalogado en:20190823  |k ICR